[Event "Wroclaw"]
[Site "?"]
[Date "2020.08.27"]
[Round "5.9"]
[White "Kukula, Karol"]
[Black "Lis, Mateusz"]
[Result "0-1"]
[BlackElo "2113"]
[WhiteElo "1707"]
[LiveChessVersion "1.4.8"]

1. e4 {[%clk 0:03:02]} c5 {[%clk 0:03:04]} 2. Nf3 {[%clk 0:03:03]} Nc6
{[%clk 0:03:04]} 3. Bb5 {[%clk 0:03:04]} g6 {[%clk 0:03:05]} 4. O-O
{[%clk 0:03:05]} Bg7 {[%clk 0:03:06]} 5. c3 {[%clk 0:03:06]} e5 {[%clk 0:02:53]}
6. Bxc6 {[%clk 0:02:34]} bxc6 {[%clk 0:02:51]} 7. d4 {[%clk 0:02:16]} cxd4
{[%clk 0:02:51]} 8. cxd4 {[%clk 0:02:18]} exd4 {[%clk 0:02:50]} 9. Nxd4
{[%clk 0:02:19]} Ne7 {[%clk 0:02:51]} 10. Nc3 {[%clk 0:02:11]} O-O
{[%clk 0:02:50]} 11. Be3 {[%clk 0:02:08]} Ba6 {[%clk 0:02:51]} 12. Re1
{[%clk 0:02:06]} Rb8 {[%clk 0:02:51]} 13. Qd2 {[%clk 0:02:01]} Qc7
{[%clk 0:02:36]} 14. Rad1 {[%clk 0:01:32]} Rfd8 {[%clk 0:02:31]} 15. b3
{[%clk 0:01:32]} Qa5 {[%clk 0:02:16]} 16. Na4 {[%clk 0:01:06]} Qh5
{[%clk 0:01:44]} 17. Qc2 {[%clk 0:00:35]} d5 {[%clk 0:00:28]} 18. Nxc6
{[%clk 0:00:36]} Nxc6 {[%clk 0:00:29]} 19. Qxc6 {[%clk 0:00:37]} dxe4
{[%clk 0:00:30]} 20. Rxd8+ {[%clk 0:00:32]} Rxd8 {[%clk 0:00:31]} 21. Qxa6
{[%clk 0:00:31]} Bf8 {[%clk 0:00:05]} 22. Qe2 {[%clk 0:00:27]} Qxe2 0-1

[Event "Wroclaw"]
[Site "?"]
[Date "2020.08.27"]
[Round "5.10"]
[White "Galuszka, Tomasz"]
[Black "Jagura Norbert"]
[Result "1-0"]
[BlackElo "1704"]
[WhiteElo "1943"]
[LiveChessVersion "1.4.8"]

1. e4 {[%clk 0:03:02]} e6 {[%clk 0:03:04]} 2. d4 {[%clk 0:03:03]} d5
{[%clk 0:03:04]} 3. Nd2 {[%clk 0:03:04]} Nf6 {[%clk 0:03:04]} 4. e5
{[%clk 0:03:04]} Nfd7 {[%clk 0:03:05]} 5. f4 {[%clk 0:03:05]} c5 {[%clk 0:03:06]}
6. c3 {[%clk 0:03:06]} Nc6 {[%clk 0:03:06]} 7. Ndf3 {[%clk 0:03:07]} Qb6
{[%clk 0:03:04]} 8. Ne2 {[%clk 0:03:05]} Be7 {[%clk 0:02:53]} 9. g3
{[%clk 0:03:02]} O-O {[%clk 0:02:42]} 10. Bh3 {[%clk 0:02:59]} f5
{[%clk 0:02:07]} 11. O-O {[%clk 0:02:49]} cxd4 {[%clk 0:01:57]} 12. cxd4
{[%clk 0:02:49]} Kh8 {[%clk 0:01:48]} 13. Kh1 {[%clk 0:02:50]} Rg8
{[%clk 0:01:39]} 14. g4 {[%clk 0:02:38]} g6 {[%clk 0:01:34]} 15. Rg1
{[%clk 0:02:35]} Qd8 {[%clk 0:00:53]} 16. Be3 {[%clk 0:02:28]} Nb6
{[%clk 0:00:40]} 17. b3 {[%clk 0:02:26]} Bd7 {[%clk 0:00:34]} 18. Qd2
{[%clk 0:01:40]} a5 {[%clk 0:00:29]} 19. gxf5 {[%clk 0:01:39]} gxf5
{[%clk 0:00:27]} 20. Rxg8+ {[%clk 0:01:28]} Qxg8 21. Rg1 Qf7 {[%clk 0:00:24]} 22.
Ng5 {[%clk 0:01:08]} Bxg5 {[%clk 0:00:23]} 23. fxg5 {[%clk 0:01:03]} Ne7
{[%clk 0:00:15]} 24. a4 {[%clk 0:00:52]} Rc8 {[%clk 0:00:14]} 25. Nf4
{[%clk 0:00:50]} Ng6 {[%clk 0:00:09]} 26. Bf1 {[%clk 0:00:48]} Bc6
{[%clk 0:00:09]} 27. Be2 {[%clk 0:00:47]} Nxf4 {[%clk 0:00:09]} 28. Bxf4
{[%clk 0:00:46]} Nd7 {[%clk 0:00:09]} 29. Qxa5 {[%clk 0:00:44]} Nf8
{[%clk 0:00:09]} 30. Qd2 {[%clk 0:00:41]} Ng6 {[%clk 0:00:10]} 31. Bh5
{[%clk 0:00:42]} Qg7 {[%clk 0:00:10]} 32. Rc1 {[%clk 0:00:38]} Nxf4
{[%clk 0:00:08]} 33. Qxf4 {[%clk 0:00:38]} Rg8 {[%clk 0:00:09]} 34. h4
{[%clk 0:00:39]} h6 {[%clk 0:00:09]} 35. Rg1 {[%clk 0:00:34]} hxg5
{[%clk 0:00:06]} 36. Rxg5 {[%clk 0:00:34]} Qh7 {[%clk 0:00:06]} 37. Rxg8+
{[%clk 0:00:33]} Kxg8 {[%clk 0:00:06]} 38. Qg5+ {[%clk 0:00:25]} Qg7
{[%clk 0:00:07]} 39. Kh2 {[%clk 0:00:19]} Qxg5 {[%clk 0:00:05]} 40. hxg5
{[%clk 0:00:20]} Kg7 {[%clk 0:00:06]} 41. Kg3 {[%clk 0:00:21]} b6
{[%clk 0:00:06]} 42. Kf4 {[%clk 0:00:22]} Bd7 {[%clk 0:00:05]} 43. Bd1
{[%clk 0:00:21]} Kg6 {[%clk 0:00:05]} 44. b4 {[%clk 0:00:22]} Bc6
{[%clk 0:00:05]} 45. a5 {[%clk 0:00:23]} bxa5 {[%clk 0:00:06]} 46. bxa5
{[%clk 0:00:24]} Bb5 {[%clk 0:00:07]} 47. Bb3 {[%clk 0:00:25]} Bd3
{[%clk 0:00:07]} 48. Ba4 {[%clk 0:00:26]} Ba6 {[%clk 0:00:07]} 49. Bc6
{[%clk 0:00:27]} Kf7 {[%clk 0:00:06]} 50. Bd7 {[%clk 0:00:22]} Ke7
{[%clk 0:00:07]} 51. Ba4 {[%clk 0:00:23]} Kf7 {[%clk 0:00:08]} 52. Bc6
{[%clk 0:00:23]} Ke7 {[%clk 0:00:08]} 53. g6 {[%clk 0:00:24]} Bc4
{[%clk 0:00:07]} 54. Bb7 {[%clk 0:00:23]} Kd7 {[%clk 0:00:04]} 55. g7
{[%clk 0:00:23]} 1-0

[Event "Wroclaw"]
[Site "?"]
[Date "2020.08.27"]
[Round "5.11"]
[White "Musial, Tomasz"]
[Black "Dixa, Oskar"]
[Result "1/2-1/2"]
[BlackElo "1706"]
[WhiteElo "1931"]
[LiveChessVersion "1.4.8"]

1. d4 {[%clk 0:03:03]} Nf6 {[%clk 0:03:04]} 2. c4 {[%clk 0:03:04]} e6
{[%clk 0:03:05]} 3. Nf3 {[%clk 0:03:05]} d5 {[%clk 0:03:03]} 4. g3
{[%clk 0:03:05]} c6 {[%clk 0:03:01]} 5. Bg2 {[%clk 0:03:05]} Be7 {[%clk 0:03:02]}
6. O-O {[%clk 0:03:03]} O-O {[%clk 0:03:03]} 7. Nc3 {[%clk 0:03:02]} Nbd7
{[%clk 0:03:02]} 8. Qd3 {[%clk 0:02:58]} b6 {[%clk 0:02:57]} 9. e4
{[%clk 0:02:56]} dxe4 {[%clk 0:02:56]} 10. Nxe4 {[%clk 0:02:57]} Bb7
{[%clk 0:02:58]} 11. Bf4 {[%clk 0:02:18]} Nxe4 {[%clk 0:02:52]} 12. Qxe4
{[%clk 0:02:18]} Nf6 {[%clk 0:02:53]} 13. Qc2 {[%clk 0:02:08]} c5
{[%clk 0:02:50]} 14. Rad1 {[%clk 0:01:49]} Qc8 {[%clk 0:02:49]} 15. b3
{[%clk 0:01:27]} Be4 {[%clk 0:02:37]} 16. Qb2 {[%clk 0:01:25]} Qb7
{[%clk 0:02:38]} 17. Ne1 {[%clk 0:01:14]} Bxg2 {[%clk 0:02:30]} 18. Nxg2
{[%clk 0:01:14]} cxd4 {[%clk 0:02:31]} 19. Qxd4 {[%clk 0:00:59]} Bc5
{[%clk 0:02:32]} 20. Qb2 {[%clk 0:00:52]} Rad8 {[%clk 0:02:32]} 21. Be3
{[%clk 0:00:38]} Be7 {[%clk 0:02:07]} 22. Qc2 {[%clk 0:00:32]} Qf3
{[%clk 0:01:41]} 23. Rfe1 {[%clk 0:00:12]} Bb4 {[%clk 0:01:04]} 24. Rf1
{[%clk 0:00:04]} h6 {[%clk 0:00:47]} 25. Bd2 {[%clk 0:00:06]} Bxd2
{[%clk 0:00:44]} 26. Rxd2 {[%clk 0:00:07]} Rxd2 {[%clk 0:00:33]} 27. Qxd2
{[%clk 0:00:08]} Ne4 {[%clk 0:00:34]} 28. Qe3 {[%clk 0:00:08]} Qf5
{[%clk 0:00:24]} 29. Nh4 {[%clk 0:00:08]} Qh7 {[%clk 0:00:21]} 30. Rd1
{[%clk 0:00:09]} Ng5 {[%clk 0:00:21]} 31. Nf3 {[%clk 0:00:09]} Qc2
{[%clk 0:00:16]} 32. Rc1 {[%clk 0:00:09]} Nxf3+ {[%clk 0:00:16]} 33. Kg2
{[%clk 0:00:10]} Qd2 {[%clk 0:00:17]} 34. Kxf3 {[%clk 0:00:10]} Qxa2
{[%clk 0:00:16]} 35. Qc3 {[%clk 0:00:10]} Qa6 {[%clk 0:00:15]} 36. Ra1
{[%clk 0:00:11]} Qb7+ {[%clk 0:00:16]} 37. Ke2 {[%clk 0:00:12]} Qe4+
{[%clk 0:00:16]} 38. Qe3 {[%clk 0:00:13]} Qc2+ {[%clk 0:00:15]} 39. Kf3
{[%clk 0:00:14]} Qf5+ {[%clk 0:00:14]} 40. Kg2 {[%clk 0:00:15]} a5
{[%clk 0:00:12]} 41. Qxb6 {[%clk 0:00:16]} Qe4+ {[%clk 0:00:13]} 42. Kg1
{[%clk 0:00:16]} Qe5 {[%clk 0:00:12]} 43. Qxa5 {[%clk 0:00:16]} Qb2
{[%clk 0:00:13]} 44. Qa3 {[%clk 0:00:17]} Qc3 45. Qc1 {[%clk 0:00:17]} Qxb3
{[%clk 0:00:15]} 46. Rb1 {[%clk 0:00:18]} Qd3 {[%clk 0:00:16]} 47. c5
{[%clk 0:00:14]} Rc8 {[%clk 0:00:17]} 48. c6 {[%clk 0:00:15]} 1/2-1/2

[Event "Wroclaw"]
[Site "?"]
[Date "2020.08.27"]
[Round "6.1"]
[White "Mis, Mieszko"]
[Black "Teclaf, Pawel"]
[Result "1-0"]
[BlackElo "2383"]
[WhiteElo "2370"]
[LiveChessVersion "1.4.8"]

1. Nf3 {[%clk 0:03:03]} Nf6 {[%clk 0:03:03]} 2. c4 {[%clk 0:03:04]} b6
{[%clk 0:02:57]} 3. g3 {[%clk 0:03:05]} Bb7 {[%clk 0:02:58]} 4. Bg2
{[%clk 0:03:06]} c5 {[%clk 0:02:59]} 5. O-O {[%clk 0:03:05]} e6 {[%clk 0:03:00]}
6. b3 {[%clk 0:03:03]} Be7 {[%clk 0:03:01]} 7. Bb2 {[%clk 0:03:04]} O-O 8. e3 a6
{[%clk 0:02:57]} 9. Qe2 {[%clk 0:03:06]} d6 10. Nc3 Nbd7 {[%clk 0:02:58]} 11.
Rfd1 {[%clk 0:02:46]} Rc8 {[%clk 0:02:55]} 12. Rac1 {[%clk 0:02:46]} Qc7
{[%clk 0:02:57]} 13. d4 {[%clk 0:02:41]} Rfe8 {[%clk 0:02:57]} 14. d5
{[%clk 0:02:26]} exd5 {[%clk 0:02:56]} 15. Nxd5 {[%clk 0:02:18]} Nxd5
{[%clk 0:02:57]} 16. cxd5 {[%clk 0:02:19]} Bf6 {[%clk 0:02:58]} 17. a4
{[%clk 0:01:54]} Bxb2 {[%clk 0:02:49]} 18. Qxb2 {[%clk 0:01:55]} Qd8
{[%clk 0:02:50]} 19. Nd2 {[%clk 0:01:51]} Nf6 {[%clk 0:02:39]} 20. e4
{[%clk 0:01:18]} b5 {[%clk 0:02:40]} 21. axb5 {[%clk 0:01:01]} axb5
{[%clk 0:02:30]} 22. b4 c4 {[%clk 0:02:27]} 23. Qd4 {[%clk 0:01:02]} Nd7
{[%clk 0:02:19]} 24. Nb1 {[%clk 0:00:49]} Ne5 {[%clk 0:02:19]} 25. Nc3
{[%clk 0:00:46]} Nd3 26. Rb1 {[%clk 0:00:33]} Ba6 {[%clk 0:02:12]} 27. Bf1
{[%clk 0:00:34]} Ne5 {[%clk 0:02:13]} 28. Bg2 {[%clk 0:00:36]} Qd7
{[%clk 0:01:46]} 29. Ra1 {[%clk 0:00:31]} Qb7 {[%clk 0:01:46]} 30. Ra5
{[%clk 0:00:31]} Nd3 {[%clk 0:01:47]} 31. Bf1 {[%clk 0:00:14]} Nxb4
{[%clk 0:01:43]} 32. Rb1 {[%clk 0:00:13]} Qc7 {[%clk 0:01:45]} 33. Rxa6
{[%clk 0:00:05]} Nxa6 34. Nxb5 Qb8 {[%clk 0:01:06]} 35. Bxc4 {[%clk 0:00:06]} Nc5
36. Re1 {[%clk 0:00:04]} Nd7 {[%clk 0:01:04]} 37. Ra1 Ne5 {[%clk 0:01:03]} 38.
Be2 {[%clk 0:00:04]} Rc2 {[%clk 0:01:01]} 39. Qd1 {[%clk 0:00:04]} Rec8
{[%clk 0:01:00]} 40. Nd4 {[%clk 0:00:06]} R2c3 {[%clk 0:00:55]} 41. Rb1 Qa7
{[%clk 0:00:19]} 42. Nb5 {[%clk 0:00:08]} Qc5 {[%clk 0:00:20]} 43. Nxc3
{[%clk 0:00:08]} Qxc3 {[%clk 0:00:22]} 44. Bf1 {[%clk 0:00:05]} Nf3+
{[%clk 0:00:22]} 45. Kh1 {[%clk 0:00:06]} Nd2 {[%clk 0:00:22]} 46. Ra1
{[%clk 0:00:05]} Nxe4 {[%clk 0:00:22]} 47. Ra2 {[%clk 0:00:04]} Qe5 48. Kg2
{[%clk 0:00:04]} Nc3 {[%clk 0:00:20]} 49. Qc2 {[%clk 0:00:04]} Qe6
{[%clk 0:00:23]} 1-0

[Event "Wroclaw"]
[Site "?"]
[Date "2020.08.27"]
[Round "6.2"]
[White "Godzwon, Iwo"]
[Black "Golenia, Jan"]
[Result "1-0"]
[BlackElo "1956"]
[WhiteElo "2193"]
[LiveChessVersion "1.4.8"]

1. e4 {[%clk 0:03:03]} e5 {[%clk 0:03:04]} 2. Nf3 {[%clk 0:03:04]} Nc6
{[%clk 0:03:05]} 3. Bb5 {[%clk 0:03:06]} a6 {[%clk 0:03:07]} 4. Ba4
{[%clk 0:03:07]} Nf6 {[%clk 0:03:08]} 5. O-O {[%clk 0:03:08]} Be7
{[%clk 0:03:09]} 6. Re1 {[%clk 0:03:09]} b5 {[%clk 0:03:10]} 7. Bb3
{[%clk 0:03:10]} d6 {[%clk 0:03:12]} 8. c3 {[%clk 0:03:11]} O-O {[%clk 0:03:12]}
9. h3 {[%clk 0:03:13]} Na5 {[%clk 0:03:13]} 10. Bc2 {[%clk 0:03:14]} c5
{[%clk 0:03:15]} 11. d4 {[%clk 0:03:15]} Nd7 {[%clk 0:03:16]} 12. Nbd2
{[%clk 0:03:02]} exd4 {[%clk 0:03:18]} 13. cxd4 {[%clk 0:03:03]} Nc6
{[%clk 0:03:18]} 14. d5 {[%clk 0:03:03]} Nce5 {[%clk 0:03:19]} 15. Nxe5
{[%clk 0:03:03]} Nxe5 {[%clk 0:03:20]} 16. f4 {[%clk 0:03:04]} Ng6
{[%clk 0:03:21]} 17. Nf3 {[%clk 0:02:57]} Bh4 {[%clk 0:03:22]} 18. Rf1
{[%clk 0:02:58]} Bg3 {[%clk 0:03:23]} 19. f5 {[%clk 0:02:33]} Ne5
{[%clk 0:03:16]} 20. Ng5 {[%clk 0:02:07]} h6 {[%clk 0:03:09]} 21. Nf3
{[%clk 0:02:01]} Nxf3+ {[%clk 0:03:02]} 22. Qxf3 {[%clk 0:01:58]} Be5
{[%clk 0:03:03]} 23. Rb1 {[%clk 0:01:59]} Qf6 {[%clk 0:02:59]} 24. Qh5
{[%clk 0:01:54]} Bg3 {[%clk 0:01:58]} 25. Rf3 {[%clk 0:01:46]} Be5
{[%clk 0:01:47]} 26. g4 {[%clk 0:01:45]} g5 {[%clk 0:01:30]} 27. h4
{[%clk 0:01:40]} gxh4 {[%clk 0:00:46]} 28. Bxh6 {[%clk 0:01:40]} Re8
{[%clk 0:00:48]} 29. g5 {[%clk 0:01:29]} Qh8 {[%clk 0:00:38]} 30. f6
{[%clk 0:01:22]} h3 {[%clk 0:00:33]} 31. g6 {[%clk 0:01:15]} Ra7 {[%clk 0:00:31]}
32. Kh1 {[%clk 0:01:11]} h2 {[%clk 0:00:31]} 33. Rf2 {[%clk 0:01:00]} Bg4
{[%clk 0:00:07]} 34. gxf7+ {[%clk 0:01:00]} Rxf7 {[%clk 0:00:08]} 35. Qxg4+
{[%clk 0:01:01]} Kh7 {[%clk 0:00:10]} 36. Bg7 {[%clk 0:01:00]} 1-0

[Event "Wroclaw"]
[Site "?"]
[Date "2020.08.27"]
[Round "6.3"]
[White "Kozlowski, Pawel"]
[Black "Kokoszczynski, Jan"]
[Result "0-1"]
[BlackElo "2163"]
[WhiteElo "1900"]
[LiveChessVersion "1.4.8"]

1. f4 {[%clk 0:03:03]} d5 {[%clk 0:03:02]} 2. Nf3 {[%clk 0:03:04]} Nh6
{[%clk 0:03:03]} 3. e3 {[%clk 0:03:05]} g6 {[%clk 0:03:03]} 4. d4
{[%clk 0:03:06]} Bg7 {[%clk 0:03:04]} 5. Bd3 {[%clk 0:03:07]} O-O
{[%clk 0:03:05]} 6. O-O {[%clk 0:03:08]} Bf5 {[%clk 0:03:06]} 7. b3
{[%clk 0:03:10]} c5 {[%clk 0:03:02]} 8. c3 {[%clk 0:03:10]} Nc6 {[%clk 0:03:01]}
9. Ba3 {[%clk 0:03:11]} cxd4 {[%clk 0:02:51]} 10. exd4 {[%clk 0:03:12]} Re8
{[%clk 0:02:51]} 11. Ne5 {[%clk 0:03:13]} f6 {[%clk 0:02:46]} 12. Nxc6 bxc6
{[%clk 0:02:48]} 13. Bxf5 {[%clk 0:02:37]} Nxf5 {[%clk 0:02:49]} 14. Qd3
{[%clk 0:02:38]} Qc7 {[%clk 0:02:32]} 15. Nd2 {[%clk 0:02:30]} e5
{[%clk 0:02:33]} 16. fxe5 {[%clk 0:02:26]} fxe5 {[%clk 0:02:34]} 17. dxe5
{[%clk 0:02:24]} Qxe5 {[%clk 0:02:30]} 18. Rac1 {[%clk 0:01:27]} Qe2
{[%clk 0:02:21]} 19. Qxe2 {[%clk 0:00:37]} Rxe2 {[%clk 0:02:22]} 20. Rf2
{[%clk 0:00:39]} Rae8 {[%clk 0:02:18]} 21. Nf3 {[%clk 0:00:33]} Bh6
{[%clk 0:02:14]} 22. Rxe2 {[%clk 0:00:25]} Rxe2 {[%clk 0:02:15]} 23. Re1
{[%clk 0:00:26]} Be3+ {[%clk 0:02:00]} 24. Kh1 {[%clk 0:00:23]} Rxe1+
{[%clk 0:01:42]} 25. Nxe1 {[%clk 0:00:24]} Bd2 {[%clk 0:01:44]} 26. Nd3
{[%clk 0:00:15]} Bxc3 {[%clk 0:01:44]} 27. Bc5 {[%clk 0:00:14]} a6
{[%clk 0:01:45]} 28. g4 {[%clk 0:00:13]} Nh4 {[%clk 0:01:37]} 29. Be7
{[%clk 0:00:04]} Nf3 {[%clk 0:01:35]} 30. Kg2 {[%clk 0:00:05]} Ne5
{[%clk 0:01:15]} 31. h3 {[%clk 0:00:05]} Nxd3 {[%clk 0:01:16]} 0-1

[Event "Wroclaw"]
[Site "?"]
[Date "2020.08.27"]
[Round "6.4"]
[White "Fus, Jakub"]
[Black "Pelka, Michal"]
[Result "1/2-1/2"]
[BlackElo "1658"]
[WhiteElo "2113"]
[LiveChessVersion "1.4.8"]

1. d4 Nf6 2. c4 c6 3. Nf3 d5 4. e3 g6 5. Nc3 Bg7 6. Be2 O-O 7. O-O Nbd7 8. b3 Ne4
9. Bb2 Ndf6 10. Nd2 Nxc3 11. Bxc3 Bf5 12. g4 Be6 13. f3 Qd7 14. c5 Bh6 15. Kf2
Bg5 16. Rh1 Bh4+ 17. Kg2 h5 18. h3 Qc7 19. Nf1 g5 20. Be1 Bxe1 21. Qxe1 Kg7 22.
Qg3 Qxg3+ 23. Nxg3 h4 24. Nf1 Nd7 25. Nd2 b6 26. b4 a5 27. a3 f5 28. Bd3 f4 29.
e4 Bg8 30. e5 b5 31. Nb3 a4 32. Na5 Rac8 33. Nxc6 Rxc6 34. Bxb5 Rc7 35. Bxa4 Ra8
36. Bxd7 Rxd7 37. a4 Rda7 38. a5 Be6 39. Rhb1 Bd7 40. b5 Rxa5 41. Rxa5 Rxa5 42.
c6 Bc8 43. b6 Ra8 44. b7 Rb8 45. bxc8=Q Rxc8 46. Rc1 Kf7 47. c7 e6 48. Rc6 Ke7
49. Kf2 Kd7 50. Rd6+ Ke7 51. Rc6 Kd7 52. Rd6+ Ke7 53. Rc6 Kd7 1/2-1/2

[Event "Wroclaw"]
[Site "?"]
[Date "2020.08.27"]
[Round "6.5"]
[White "Szpar, Milosz"]
[Black "Radecki, Adam"]
[Result "1-0"]
[BlackElo "1908"]
[WhiteElo "2275"]
[LiveChessVersion "1.4.8"]

1. c4 {[%clk 0:03:02]} e5 {[%clk 0:03:02]} 2. Nc3 {[%clk 0:03:03]} Nf6
{[%clk 0:03:03]} 3. g3 {[%clk 0:03:03]} c6 {[%clk 0:03:04]} 4. Nf3
{[%clk 0:03:02]} e4 {[%clk 0:03:04]} 5. Nd4 {[%clk 0:03:03]} d5 {[%clk 0:03:06]}
6. d3 {[%clk 0:02:59]} exd3 {[%clk 0:02:54]} 7. cxd5 {[%clk 0:02:42]} Nxd5
{[%clk 0:02:50]} 8. Qxd3 {[%clk 0:02:31]} Be7 {[%clk 0:02:46]} 9. Nc2
{[%clk 0:02:08]} Nxc3 {[%clk 0:02:39]} 10. Qxc3 {[%clk 0:02:03]} O-O
{[%clk 0:02:38]} 11. Bg2 {[%clk 0:02:02]} Bf6 {[%clk 0:02:38]} 12. Qf3
{[%clk 0:01:54]} Qa5+ {[%clk 0:02:29]} 13. Bd2 {[%clk 0:01:53]} Qc5
{[%clk 0:02:23]} 14. Nb4 {[%clk 0:01:39]} Nd7 {[%clk 0:02:18]} 15. Nd3
{[%clk 0:01:38]} Qe7 {[%clk 0:02:16]} 16. O-O {[%clk 0:01:30]} Nc5
{[%clk 0:02:05]} 17. Bb4 {[%clk 0:01:28]} b6 {[%clk 0:02:04]} 18. Qxc6
{[%clk 0:01:14]} Bd7 {[%clk 0:01:57]} 19. Bxc5 bxc5 {[%clk 0:01:52]} 20. Qxc5
{[%clk 0:00:56]} Qxe2 {[%clk 0:01:43]} 21. Nf4 {[%clk 0:00:56]} Qxb2
{[%clk 0:01:32]} 22. Rab1 {[%clk 0:00:58]} Qxa2 {[%clk 0:01:10]} 23. Bxa8
{[%clk 0:00:56]} Rxa8 {[%clk 0:01:10]} 24. Qc7 {[%clk 0:00:47]} Qa4
{[%clk 0:00:46]} 25. Rb8+ {[%clk 0:00:47]} Rxb8 {[%clk 0:00:47]} 26. Qxb8+
{[%clk 0:00:48]} Be8 {[%clk 0:00:49]} 27. Re1 {[%clk 0:00:31]} Kf8
{[%clk 0:00:50]} 28. Nd5 {[%clk 0:00:24]} Qd7 {[%clk 0:00:20]} 29. Nc7
{[%clk 0:00:14]} Be7 {[%clk 0:00:21]} 30. Nxe8 {[%clk 0:00:12]} Qxe8
{[%clk 0:00:22]} 31. Qxa7 {[%clk 0:00:13]} f6 {[%clk 0:00:18]} 32. Qe3
{[%clk 0:00:10]} Qd7 {[%clk 0:00:16]} 33. Qe6 {[%clk 0:00:09]} Qxe6
{[%clk 0:00:17]} 34. Rxe6 {[%clk 0:00:10]} Kf7 {[%clk 0:00:18]} 35. Ra6
{[%clk 0:00:11]} Bc5 {[%clk 0:00:18]} 36. Kg2 {[%clk 0:00:12]} h6
{[%clk 0:00:18]} 37. g4 {[%clk 0:00:12]} Kg6 {[%clk 0:00:19]} 38. Kf3
{[%clk 0:00:13]} Bd4 {[%clk 0:00:19]} 39. Ra5 {[%clk 0:00:13]} Kf7 40. h4
{[%clk 0:00:10]} Kg6 {[%clk 0:00:15]} 41. h5+ {[%clk 0:00:10]} Kf7
{[%clk 0:00:16]} 42. Rd5 {[%clk 0:00:11]} Bb6 {[%clk 0:00:10]} 43. Rd7+
{[%clk 0:00:11]} Kf8 {[%clk 0:00:11]} 44. Rb7 {[%clk 0:00:11]} Bc5
{[%clk 0:00:11]} 45. Ke4 {[%clk 0:00:07]} Bxf2 {[%clk 0:00:04]} 46. Kf5
{[%clk 0:00:08]} Bd4 {[%clk 0:00:00]} 47. Kg6 f5 {[%clk 0:03:02]} 48. Rf7+
{[%clk 0:03:02]} 1-0

[Event "Wroclaw"]
[Site "?"]
[Date "2020.08.27"]
[Round "6.6"]
[White "Kulesza, Andrzej"]
[Black "Pacan-Milej, Kosma"]
[Result "1/2-1/2"]
[BlackElo "2113"]
[WhiteElo "1749"]
[LiveChessVersion "1.4.8"]

1. e4 {[%clk 0:03:02]} c5 {[%clk 0:03:02]} 2. Nf3 {[%clk 0:03:03]} Nc6
{[%clk 0:03:03]} 3. d4 {[%clk 0:03:04]} cxd4 {[%clk 0:03:04]} 4. Nxd4
{[%clk 0:03:05]} Nf6 {[%clk 0:03:04]} 5. Nc3 {[%clk 0:03:06]} e5 {[%clk 0:03:05]}
6. Ndb5 {[%clk 0:03:07]} d6 {[%clk 0:03:03]} 7. Bg5 {[%clk 0:03:08]} a6
{[%clk 0:03:04]} 8. Na3 {[%clk 0:03:09]} b5 {[%clk 0:03:04]} 9. Nd5
{[%clk 0:03:09]} Be7 {[%clk 0:03:04]} 10. Bxf6 {[%clk 0:03:10]} Bxf6
{[%clk 0:03:04]} 11. c3 {[%clk 0:03:11]} Rb8 {[%clk 0:03:05]} 12. Nc2
{[%clk 0:03:12]} Bg5 {[%clk 0:03:06]} 13. Bd3 {[%clk 0:03:08]} O-O
{[%clk 0:03:01]} 14. O-O {[%clk 0:03:00]} Ne7 {[%clk 0:02:33]} 15. Nce3
{[%clk 0:03:00]} Bxe3 {[%clk 0:02:26]} 16. Nxe3 {[%clk 0:03:00]} Bb7
{[%clk 0:02:00]} 17. a4 {[%clk 0:02:58]} Qb6 {[%clk 0:01:39]} 18. axb5
{[%clk 0:02:47]} axb5 {[%clk 0:01:40]} 19. Qe2 {[%clk 0:02:46]} Bc6
{[%clk 0:01:30]} 20. Ra2 {[%clk 0:02:43]} Ra8 {[%clk 0:01:27]} 21. Rfa1
{[%clk 0:02:35]} Rxa2 {[%clk 0:01:27]} 22. Rxa2 {[%clk 0:02:36]} g6
{[%clk 0:01:16]} 23. c4 {[%clk 0:02:25]} bxc4 {[%clk 0:01:12]} 24. Nxc4
{[%clk 0:02:25]} Qd4 {[%clk 0:01:09]} 25. Qe3 {[%clk 0:02:20]} Qxe3
{[%clk 0:01:06]} 26. Nxe3 {[%clk 0:02:20]} Rb8 {[%clk 0:01:03]} 27. Nc4
{[%clk 0:02:15]} Rb4 {[%clk 0:00:35]} 28. Ra3 {[%clk 0:01:47]} Bxe4
{[%clk 0:00:30]} 29. Nxd6 {[%clk 0:01:26]} Bxd3 {[%clk 0:00:31]} 30. Rxd3
{[%clk 0:01:27]} Rxb2 {[%clk 0:00:32]} 31. f3 {[%clk 0:01:28]} Nc6
{[%clk 0:00:32]} 32. Rc3 {[%clk 0:01:25]} Rb6 {[%clk 0:00:23]} 33. Nc8
{[%clk 0:01:25]} Rb1+ {[%clk 0:00:22]} 34. Kf2 {[%clk 0:01:26]} Nd4
{[%clk 0:00:23]} 35. Nd6 {[%clk 0:01:08]} Nb5 {[%clk 0:00:23]} 36. Rc8+
{[%clk 0:01:01]} Kg7 {[%clk 0:00:24]} 37. Rb8 {[%clk 0:00:55]} Nc3
{[%clk 0:00:18]} 38. Re8 {[%clk 0:00:55]} Rb2+ {[%clk 0:00:17]} 39. Kf1
{[%clk 0:00:53]} Kf6 {[%clk 0:00:16]} 40. Rxe5 {[%clk 0:00:45]} Kxe5
{[%clk 0:00:11]} 41. Nc4+ {[%clk 0:00:47]} Kd4 {[%clk 0:00:12]} 42. Nxb2
{[%clk 0:00:48]} f5 {[%clk 0:00:10]} 43. Ke2 {[%clk 0:00:46]} Nd5
{[%clk 0:00:09]} 44. Nd1 {[%clk 0:00:46]} Nf4+ {[%clk 0:00:09]} 45. Kf2
{[%clk 0:00:47]} Kd3 {[%clk 0:00:08]} 46. Nb2+ {[%clk 0:00:44]} Kd4
{[%clk 0:00:09]} 47. Nd1 {[%clk 0:00:45]} g5 {[%clk 0:00:09]} 48. Ne3
{[%clk 0:00:40]} Nd3+ {[%clk 0:00:11]} 49. Ke2 {[%clk 0:00:41]} Nf4+
{[%clk 0:00:09]} 50. Kf2 {[%clk 0:00:42]} Ke5 {[%clk 0:00:09]} 51. Nc4+
{[%clk 0:00:43]} Kd5 {[%clk 0:00:10]} 52. Ne3+ {[%clk 0:00:44]} Ke6
{[%clk 0:00:11]} 53. g3 {[%clk 0:00:40]} Nd5 {[%clk 0:00:12]} 54. Nxd5
{[%clk 0:00:38]} Kxd5 {[%clk 0:00:13]} 55. Ke3 {[%clk 0:00:39]} h5
{[%clk 0:00:09]} 56. h4 {[%clk 0:00:36]} f4+ {[%clk 0:00:06]} 57. gxf4
{[%clk 0:00:37]} gxh4 {[%clk 0:00:07]} 58. Ke4+ {[%clk 0:03:02]} 1/2-1/2

[Event "Wroclaw"]
[Site "?"]
[Date "2020.08.27"]
[Round "6.7"]
[White "Lis, Mateusz"]
[Black "Nowak, Mikolaj"]
[Result "0-1"]
[BlackElo "1875"]
[WhiteElo "2113"]
[LiveChessVersion "1.4.8"]

1. e4 {[%clk 0:03:04]} e5 {[%clk 0:03:03]} 2. Nf3 {[%clk 0:03:04]} Nc6
{[%clk 0:03:05]} 3. Bb5 {[%clk 0:03:05]} Nf6 {[%clk 0:03:05]} 4. Bxc6
{[%clk 0:02:56]} bxc6 {[%clk 0:03:06]} 5. d3 {[%clk 0:02:55]} d6 {[%clk 0:03:06]}
6. h3 {[%clk 0:02:52]} g6 {[%clk 0:03:06]} 7. O-O {[%clk 0:02:52]} c5
{[%clk 0:02:58]} 8. b3 {[%clk 0:02:53]} Bg7 {[%clk 0:02:58]} 9. Nc3
{[%clk 0:02:49]} O-O {[%clk 0:02:54]} 10. Ne2 {[%clk 0:02:38]} Ne8
{[%clk 0:02:37]} 11. Nh2 {[%clk 0:02:31]} f5 {[%clk 0:02:37]} 12. exf5
{[%clk 0:01:57]} gxf5 {[%clk 0:02:36]} 13. f4 {[%clk 0:01:56]} e4
{[%clk 0:02:31]} 14. Rb1 {[%clk 0:01:56]} Bb7 {[%clk 0:02:18]} 15. dxe4
{[%clk 0:01:33]} fxe4 {[%clk 0:02:13]} 16. Be3 {[%clk 0:01:32]} Qe7
{[%clk 0:01:56]} 17. c4 {[%clk 0:01:30]} a5 {[%clk 0:01:32]} 18. Qc2
{[%clk 0:01:23]} Bc6 {[%clk 0:01:22]} 19. Ng4 {[%clk 0:01:12]} h5
{[%clk 0:01:00]} 20. Nf2 {[%clk 0:01:12]} h4 {[%clk 0:00:49]} 21. Nc3
{[%clk 0:00:50]} Nf6 {[%clk 0:00:49]} 22. Rbe1 {[%clk 0:00:44]} Rae8
{[%clk 0:00:46]} 23. Qe2 {[%clk 0:00:17]} Qf7 {[%clk 0:00:39]} 24. Ng4
{[%clk 0:00:16]} Nh5 {[%clk 0:00:37]} 25. Qd2 {[%clk 0:00:07]} Ng3
{[%clk 0:00:36]} 26. Rf2 {[%clk 0:00:09]} Nf5 {[%clk 0:00:33]} 27. Nd5 a4
{[%clk 0:00:25]} 28. b4 {[%clk 0:00:09]} cxb4 {[%clk 0:00:22]} 29. Nxb4
{[%clk 0:00:10]} Ba8 {[%clk 0:00:21]} 30. c5 {[%clk 0:00:11]} d5 {[%clk 0:00:15]}
31. c6 {[%clk 0:00:11]} d4 {[%clk 0:00:14]} 32. a3 0-1